| 000 | 02099nam0a2200409 4500 | ||
|---|---|---|---|
| 001 | RU\NLR\bibl\1814977 | ||
| 005 | 20260407113826.0 | ||
| 010 |
_a978-5-2760-2021-1 _9500 |
||
| 021 |
_aRU _b2011-65873 _94631 |
||
| 035 | _a(nilc)RSL-KNO-004999605 | ||
| 035 | _a(NLR Aleph) 001805568 | ||
| 090 |
_a1806150 _c1806150 |
||
| 100 | _a20110822d2011 |||y0rusy50 ca | ||
| 101 | 0 | _arus | |
| 102 | _aRU | ||
| 105 | _aa ||||||||| | ||
| 200 | 1 |
_aСистемный подход к управлению инновациями на промышленных предприятиях _eмонография _f[О. Н. Герасина, А.Р. Эмексузян, О.Н. Денисова, Ю.А. Мезяков] _gМ-во образования и науки Российской Федерации, Московский гос. индустриальный ун-т |
|
| 210 |
_aМосква _cИзд-во МГИУ _d2011 |
||
| 215 |
_a165 с. _cил., табл. _d21 |
||
| 300 | _aАвт. указаны на обл. | ||
| 320 | _aБиблиогр.: с. 156-165 | ||
| 606 | 1 |
_aПромышленные предприятия _xИнновационная деятельность _xУправление _92344574 _3RU\NLR\auth\661401173 |
|
| 686 |
_aУ9(2)301-551.1-210.3,0 _2rubbk |
||
| 686 | _aУ30(2)-55-21 | ||
| 701 | 1 |
_4070 _8rus _7ca _aГерасина _bО. Н. _f1959- _gОльга Николаевна _3RU\NLR\auth\7756327 _939259 |
|
| 701 | 1 |
_aЭмексузян _bА. Р. _gАркадий Рубикович _4070 |
|
| 701 | 1 |
_4070 _8rus _7ca _aДенисова _bО. Н. _cканд. экон. наук _gОльга Николаевна _3RU\NLR\auth\77119420 _9102345 |
|
| 701 | 1 |
_aМезяков _bЮ. А. _gЮрий Анатольевич _4070 |
|
| 712 | 0 | 2 |
_4570 _aМосковский государственный индустриальный университет _3RU\NLR\AUTH\889944629 _9384448 |
| 801 | 0 |
_aRU _bRuMoRKP _c20110822 _grcr |
|
| 801 | 1 |
_aRU _bРГБ _c20110822 |
|
| 801 | 2 |
_aRU _bNLR _c20110930 _grcr |
|
| 830 | _aпо кн | ||
| 942 | _cBOOK | ||
| 980 | _aNB | ||
| 980 | _aNBR | ||